| 000 | 02409nam1a2200349 i 4500 | ||
|---|---|---|---|
| 001 | RU\NLR\BIBL_A\022124364 | ||
| 005 | 20260503062503.0 | ||
| 010 | _a9785604924655 | ||
| 035 | _a(NLR Aleph) 022124364 | ||
| 090 |
_a12816806 _c12816806 |
||
| 100 | _a20240202g20229999k y0rusy50 ca | ||
| 101 | 0 | _arus | |
| 102 | _aRU | ||
| 105 | _a z | ||
| 181 | 0 |
_ai _baxxe |
|
| 182 | 0 | _an | |
| 200 | 1 |
_aГеоэкономические императивы международного сотрудничества Российской Федерации в условиях глобальных вызовов _eмонография _eв 2-х ч. _fАдаманова Зейнеб Османовна, доктор экономических наук, профессор, Абдулгазис Венера Сеяровна, Зиятдинова Нияра Раетовна, кандидаты экономических наук, доценты [и др.] _gпод общ. ред. З. О. Адамановой _gМинистерство образования, науки и молодежи Республики Крым, Государственное бюджетное образовательное учреждение высшего образования Республики Крым "Крымский инженерно-педагогический университет имени Февзи Якубова" |
|
| 203 |
_aТекст _bвизуальный _cнепосредственный |
||
| 210 |
_aСимферополь _cХотеева Л. В. _d2022- |
||
| 215 | _d21 | ||
| 300 | _aАвт. указаны на обороте тит. с. | ||
| 607 |
_aРоссийская Федерация _xЭкономические взаимоотношения _92071077 _3RU\NLR\AUTH\661245821 |
||
| 686 | 1 | _aУ9(2)8(2Р) | |
| 701 | 1 |
_7ca _8rus _aАдаманова _bЗ. О. _gЗейнеб Османовна _9216338 _3RU\NLR\AUTH\770216394 |
|
| 701 | 1 |
_aАбдулгазис _bВ. С. _gВенера Сеяровна |
|
| 701 | 1 |
_aЗиятдинова _bН. Р. _gНияра Раетовна |
|
| 712 | 0 | 2 |
_4570 _aКрымский инженерно-педагогический университет им. Ф. Якубова _cСимферополь _3RU\NLR\AUTH\880521272 _9703387 |
| 852 |
_aNLR _j2024-3/2025 |
||
| 942 | _cBOOK | ||